Statistics for management and economics / (Record no. 4437)

MARC details
000 -LEADER
fixed length control field 01217pam a2200169 i 4500
020 ## - INTERNATIONAL STANDARD BOOK NUMBER
ISBN 0878721428
050 00 - CALL NUMBER
Classification number HA29
Item number .M533
100 1# - AUTHOR
Personal name Mendenhall, William.
245 10 - TITLE
Title Statistics for management and economics /
Statement of responsibility, etc William Mendenhall, James E. Reinmuth.
250 ## - EDITION
Edition statement 3d ed.
260 ## - PUBLICATION INFORMATION
Place of publication North Scituate, Mass. :
Name of publisher Duxbury Press,
Year of publication c1978.
300 ## - DESCRIPTION
Number of Pages x, 789 p. :
Other physical details ill. ;
Dimensions 24 cm.
505 ## - FORMATTED CONTENTS NOTE
Table of Content What is statistics? --<br/>useful mathematical notation<br/>Describing sets of measurements --<br/><br/>Probability --<br/>Random variables and probability distributions --<br/>Three useful discrete probability distributions --<br/>The normal and other continuous probability distributions --<br/>Sampling and sampling distributions --<br/>Large-sample estimation --<br/>Large-sample tests of hypotheses --<br/>Inferences from small samples --<br/>The analysis of variance --<br/>Linear regression and correlation --<br/>Multiple linear regression --<br/>Elements of time series analysis --<br/>Forecasting based on time series models --<br/>Quality control techniques --<br/>Survey sampling --<br/>Analysis of enumerative data --<br/>Nonparametic statistical methods --<br/>The decision analysis process.
650 #0 - SUBJECTS
Topical Term Statistics.
700 1# - OTHER AUTHORS
Personal name Reinmuth, James E.,
942 ## - ADDED ENTRY ELEMENTS (KOHA)
Koha item type Books
Holdings
Withdrawn status Lost status Collection code Home library Current library Shelving location Date acquired Full call number Accession Number Koha item type
    Reference Methodist University Library Main Methodist University Library Main General Stacks   HA29 .M533 14375 Books
Copyright © 2026  MUG Library